Central Library and Information Centre
Sibsagar Girls' College, Sivasagar : Assam

SNATAK MOHOLAR ARTHATATTWA (Record no. 5484)

MARC details
000 -LEADER
fixed length control field 00348cam a2200157ua 4500
008 - FIXED-LENGTH DATA ELEMENTS--GENERAL INFORMATION
fixed length control field 060101n II |||gr||||Z||||||asm
040 ## - CATALOGING SOURCE
Original cataloging agency MAIN
041 ## - LANGUAGE CODE
-- English
082 ## - DEWEY DECIMAL CLASSIFICATION NUMBER
Classification number 330 AAL
100 ## - MAIN ENTRY--PERSONAL NAME
Personal name AALAM, KHURSED.
245 ## - TITLE STATEMENT
Title SNATAK MOHOLAR ARTHATATTWA
260 ## - PUBLICATION, DISTRIBUTION, ETC.
Place of publication, distribution, etc. [s.l:
Name of publisher, distributor, etc. s.n.]
Date of publication, distribution, etc. 1992.
300 ## - PHYSICAL DESCRIPTION
Extent 108:
Dimensions 20CM.
942 ## - ADDED ENTRY ELEMENTS (KOHA)
Koha item type Books
Holdings
Withdrawn status Lost status Damaged status Not for loan Collection code Home library Current library Shelving location Date acquired Full call number Barcode Date last seen Copy number Price effective from Koha item type
        TBECO Central Library and Information Centre Sibsagar Girls College Central Library and Information Centre Sibsagar Girls College Economics Rack 19.06.1995 330 AAL 13526 27.02.2020 1 27.02.2020 Books


Sibsagar Girl's College © 2020. All rights reserved.
Powered by Koha.
Maintained by Abhijit Borpuzari.